Statistiques concernant Joueurs de football par photo

Cliquez ici pour prendre le quiz!

Statistiques générales

  • Ce quiz a été pris 146 484 fois
  • Le résultat moyen est 18 sur 20

Statistiques - réponses

Réponse% Correct
Cristiano Ronaldo
99%
Kylian Mbappé
99%
Lionel Messi
99%
Neymar
99%
Antoine Griezmann
96%
Zlatan Ibrahimović
96%
Luka Modrić
94%
Sergio Ramos
94%
Mohamed Salah
91%
Gareth Bale
90%
Harry Kane
89%
Kevin de Bruyne
89%
Eden Hazard
88%
Luis Suárez
88%
Andrés Iniesta
87%
Toni Kroos
84%
Robert Lewandowski
80%
David de Gea
78%
Arjen Robben
76%
Giorgio Chiellini
67%

Distribution des résultats

Percentile par nombre de réponses

% des personnes avec chaque résultat

Votre développement - résultats

Vous n’avez pas pris ce quiz